| 000 -LEADER | |
|---|---|
| fixed length control field | 00401nam a22001697a 4500 |
| 005 - DATE AND TIME OF LATEST TRANSACTION | |
| control field | 20160630165153.0 |
| 008 - FIXED-LENGTH DATA ELEMENTS--GENERAL INFORMATION | |
| fixed length control field | 160630b xxu||||| |||| 00| 0 eng d |
| 020 ## - INTERNATIONAL STANDARD BOOK NUMBER | |
| ISBN | 978-81-7409-235-9 |
| 041 ## - LANGUAGE CODE | |
| Language code of text/sound track or separate title | eng |
| 082 ## - DEWEY DECIMAL CLASSIFICATION NUMBER | |
| Item number | 20129 |
| 100 ## - MAIN ENTRY--AUTHOR NAME | |
| Personal name | Arora, R |
| 245 ## - TITLE STATEMENT | |
| Title | Surveying Levelling |
| 260 ## - PUBLICATION, DISTRIBUTION, ETC. (IMPRINT) | |
| Name of publisher | Khanna Publication |
| Year of publication | 2013 |
| 300 ## - PHYSICAL DESCRIPTION | |
| Number of Pages | 1202 |
| 650 ## - SUBJECT ADDED ENTRY--TOPICAL TERM | |
| Topical Term | Diploma Engineering |
| 942 ## - ADDED ENTRY ELEMENTS (KOHA) | |
| Koha item type | Books |
| Lost status | Damaged status | Collection code | Home library | Current library | Shelving location | Date acquired | Cost, normal purchase price | Full call number | Accession Number | Koha item type |
|---|---|---|---|---|---|---|---|---|---|---|
| MINING | JRU Library | JRU Library | SHELF-88-C | 30/06/2016 | 315.00 | 20129 | 20129 | Books | ||
| MINING | JRU Library | JRU Library | SHELF-59-E | 30/06/2016 | 315.00 | 20129 | 20130 | Books | ||
| MINING | JRU Library | JRU Library | SHELF-88-C | 30/06/2016 | 315.00 | 20129 | 20131 | Books | ||
| MINING | JRU Library | JRU Library | SHELF-88-C | 30/06/2016 | 315.00 | 20129 | 20132 | Books | ||
| MINING | JRU Library | JRU Library | SHELF-88-C | 30/06/2016 | 315.00 | 20129 | 20133 | Books |